00412pab a2200133 454500008004000000100001800040245008900058260000900147300001500156362000800171650003800179650002200217773003900239180718b2006 xxu||||| |||| 00| 0 eng d aAltman, David aFrom Fukuoka to Santiago: institutionalization of political science in Latin America c2006 ap.196-203. aJan aPolitical science - Latin America aPolitical science aPS: Political Science and Politics